000 00295nam a22001217a 4500
020 _a931-3005-33-5
082 _a004 HOL'U
100 _aHOLSTE, THOMAS
_966171
245 _aUP AND RUNNING WITH PC TOOLS DELUXE 6
260 _aSINGAPORE
_bTECH PUBLICATION
_c1990
300 _a180P
942 _cBK
999 _c574179
_d574179